| 000 | 02118nam2a22004451 4500 | ||
|---|---|---|---|
| 001 | v19\rc\2024053 | ||
| 005 | 20251118181424.3 | ||
| 035 | _a(NLR Aleph) 005090747 | ||
| 090 |
_a7294481 _c7294481 |
||
| 100 | _a20080925d1917 u y0rusy50 ca | ||
| 101 | 0 | _arus | |
| 102 | _aRU | ||
| 105 | _ab z ||||| | ||
| 200 | 0 | _aАпрель месяц нового стиля (19 марта - 17 апреля старого стиля) | |
| 210 | _d1917 | ||
| 215 | _aIV, 47, 33 с., 1 карта | ||
| 461 | 0 |
_1001v19\rc\2024049 _12001#$aКлиматические условия в районе Югозападного и Румынского фронтов...$fСост. Николаев. гл. физ. обсерваторией$gГидротехн. орг. ОЗУ для нужд армий Югозап. фронта$vАпрель месяц нового стиля (19 марта - 17 апреля старого стиля) _97294442 _aНиколаевская главная физическая обсерватория (Петербург) _cПетроград _d1916-1917 _fСост. Николаев. гл. физ. обсерваторией _nтип. Имп. Акад. наук _tКлиматические условия в районе Югозападного и Румынского фронтов... _vАпрель месяц нового стиля (19 марта - 17 апреля старого стиля) |
|
| 801 | 0 |
_aRU _bNLR _gpsbo |
|
| 801 | 0 |
_aRU _bRuMoRGB _2psbo |
|
| 801 | 1 |
_aRU _bProSoft-M _2rusmarc |
|
| 852 |
_aRuMoRGB _jU 428/161 |
||
| 852 |
_aRuMoRGB _jW 62/279 |
||
| 852 |
_aRuMoRGB _jV 28/206 |
||
| 852 |
_aRuMoRGB _jΔ 129/10 |
||
| 852 |
_aRuMoRGB _jΔ 22/144 |
||
| 852 |
_aRuMoRGB _jΔ 129/11 |
||
| 852 | _aБАН | ||
| 852 | _aНБ СПбГУ | ||
| 852 | _aНБ МГУ | ||
| 899 |
_aRuMoRGB _jU 428/161 |
||
| 899 |
_aRuMoRGB _jW 62/279 |
||
| 899 |
_aRuMoRGB _jV 28/206 |
||
| 899 |
_aRuMoRGB _jΔ 129/10 |
||
| 899 |
_aRuMoRGB _jΔ 22/144 |
||
| 899 |
_aRuMoRGB _jΔ 129/11 |
||
| 899 | _aБАН | ||
| 899 | _aНБ СПбГУ | ||
| 899 | _aНБ МГУ | ||
| 942 | _cBOOK | ||
| 980 | _aNB | ||